Fungi and disease in plants: An introduction to the diseases of field and plantation crops especially those of India and the East. (Record no. 36465)

MARC details
000 -LEADER
fixed length control field 00504nam a2200157Ia 4500
082 ## - DEWEY DECIMAL CLASSIFICATION NUMBER
Classification number 582.28+632.4
Item number BUT
100 ## - MAIN ENTRY--AUTHOR NAME
Personal name BUTLER, E J
245 #0 - TITLE STATEMENT
Title Fungi and disease in plants: An introduction to the diseases of field and plantation crops especially those of India and the East.
260 ## - PUBLICATION, DISTRIBUTION, ETC. (IMPRINT)
Place of publication Dehra Dun
Name of publisher Bishen Singh
Year of publication 1973
650 ## - SUBJECT ADDED ENTRY--TOPICAL TERM
Topical Term Fungi
650 ## - SUBJECT ADDED ENTRY--TOPICAL TERM
Topical Term Plant disease
650 ## - SUBJECT ADDED ENTRY--TOPICAL TERM
Topical Term Plant disease control
650 ## - SUBJECT ADDED ENTRY--TOPICAL TERM
Topical Term Rubber diseases
942 ## - ADDED ENTRY ELEMENTS (KOHA)
Koha item type Books
Holdings
Withdrawn status Lost status Damaged status Not for loan Home library Current library Date acquired Full call number Accession Number Koha item type
        RRII Library RRII Library 16/12/2021 582.28+632.4 BUT 16871 Books